| 000 | 01036nam a22003017a 4500 | ||
|---|---|---|---|
| 003 | EG-ScBUE | ||
| 005 | 20220906095800.0 | ||
| 008 | 100321s2009 it a f b 001 0 eng d | ||
| 020 | _a9788854404502 | ||
| 020 | _a8854404500 | ||
| 040 |
_aEG-ScBUE _beng _erda _cEG-ScBUE _dEG-ScBUE |
||
| 082 | 0 | 4 |
_222 _a720.0953 _bBEL |
| 100 | 1 |
_912947 _a Bellini, Oscar Eugenio, _eauthor. |
|
| 245 | 1 | 0 |
_aBuilding Arabia: _bexpanding the limits of architecture / _cText Oscar Eugenio Bellini, Laura Daglio. |
| 264 | 1 |
_aVercelli, Italy : _bWhite Star Publication, _c2009. |
|
| 300 |
_a303 pages : _bcolor illustrations ; _c36 cm |
||
| 336 |
_2rdacontent _atext _btxt |
||
| 337 |
_2rdamedia _aunmediated _bn |
||
| 338 |
_2rdacarrier _avolume _bnc |
||
| 504 | _aIncludes bibliographical references and index. | ||
| 650 | 7 |
_912948 _aArchitecture _zArabian Penninsula. _2BUEsh |
|
| 651 | _2BUEsh | ||
| 653 | _bENGARC | ||
| 655 |
_vReading book _934232 |
||
| 700 | 1 |
_912946 _aDaglio, Laura, _eauthor. |
|
| 700 |
_912945 _aMahan, Mark |
||
| 942 |
_2ddc _cBB |
||
| 999 |
_c13744 _d13744 |
||